Stranger Things Trivia: Season 1 - Statistics

General Stats
  • This quiz has been taken 546 times
  • The average score is 9 of 15
Answer Stats
Hint Answer % Correct
Who is took into Mike´s basement in Chapter 2? Eleven
97%
What creature takes Will in Chapter 1? Demogorgon
92%
What game are the boys playing in Chapter 1? Dungeons and Dragons
88%
Who does Eleven´s makeup in Chapter 4? Mike Wheeler
84%
Who does Joyce contact in Chapter 2? Jim Hopper
82%
Where is Barb killed in Chapter 3? Steve´s Pool
71%
How does Nancy enter the Upside Down in Chapter 6? A Tree
69%
Where does Eleven end up after ¨killing¨ the Demogorgon in Chapter 8? The Upside Down
63%
Where does Barb drive Nancy in Chapter 3? Steve´s Party
62%
Where does Hopper break in to in Chapter 5? Hawkins Lab
58%
Who pees himself in Chapter 4? Troy
52%
Where does Will end up after being freed from the Upside Down in Chapter 8? The Hospital
43%
Why does Lucas warn Dustin in Chapter 7? The Bad Men Are Coming
13%
Who does Joyce and Hopper find in Chapter 6? Eleven´s Mom
6%
How do the boys find their way to the gate in Chapter 5? Their Compasses
5%
No matching quizzes found
Score Distribution
Percent of People with Each Score
Percentile by Number Answered
Your Score History
You have not taken this quiz